Kapsy : podle povídek Karla Čapka /

Hlavní autor: Ledecký, Jonáš, 1993-
Další autoři: Namai, Matyáš, 1993-, Solo, Stan, 1988-, Straník, Petr, 1987-, Pospíšil, Martin, 1993-, Čapek, Karel, 1890-1938
Jazyk: Čeština
Vydáno: Praha : Knižní klub, 2018
Vydání: Vydání první
Témata:
Fyzický popis: 120 nečíslovaných stran : ilustrace (převážně barevné) ; 26 cm
Knihy
Uloženo v:
LEADER 01979nam a2200529 i 4500
001 nkc20183020069
003 CZ PrNK
005 20181015145349.0
007 ta
008 180810s2018 xr a g 6 000 j cze
015 |a cnb003020069 
020 |a 978-80-242-6264-2  |q (brožováno) :  |c Kč 379,00 
035 |a (OCoLC)1066023346 
040 |a OLA001  |b cze  |d ABA001  |e rda 
072 7 |a 821.162.3-3  |x Česká próza  |2 Konspekt  |9 25 
080 |a 821.162.3-32  |2 MRF 
080 |a (0:82-322.4)  |2 MRF 
080 |a (0.046.6)  |2 MRF 
080 |a (084.1)  |2 MRF 
100 1 |a Ledecký, Jonáš,  |d 1993-  |7 jx20091125014  |4 aut  |4 ill 
245 1 0 |a Kapsy :  |b podle povídek Karla Čapka /  |c Jonas Ledecky, Matyáš Namai, Stan Solo, Petr Straník, Martin Pospisil 
250 |a Vydání první 
264 1 |a Praha :  |b Knižní klub,  |c 2018 
300 |a 120 nečíslovaných stran :  |b ilustrace (převážně barevné) ;  |c 26 cm 
336 |a text  |b txt  |2 rdacontent 
336 |a statický obraz  |b sti  |2 rdacontent 
337 |a bez média  |b n  |2 rdamedia 
338 |a svazek  |b nc  |2 rdacarrier 
655 7 |a české povídky  |7 fd133971  |2 czenas 
655 7 |a detektivní povídky  |7 fd132008  |2 czenas 
655 7 |a literární adaptace  |7 fd119387  |2 czenas 
655 7 |a komiksy  |7 fd131978  |2 czenas 
655 9 |a Czech short stories  |2 eczenas 
655 9 |a detective short stories  |2 eczenas 
655 9 |a literary adaptations  |2 eczenas 
655 9 |a comics  |2 eczenas 
700 1 |a Namai, Matyáš,  |d 1993-  |7 osa2016912885  |4 aut  |4 ill 
700 1 |a Solo, Stan,  |d 1988-  |7 xx0227208  |4 ill 
700 1 |a Straník, Petr,  |d 1987-  |7 xx0227207  |4 ill 
700 1 |a Pospíšil, Martin,  |d 1993-  |7 xx0203431  |4 ill 
700 1 |a Čapek, Karel,  |d 1890-1938  |7 jk01021023  |4 ant 
910 2 |a BOA001  |b 3-1414.335 
928 9 |a Euromedia Group - Knižní klub 
990 |a BK 
995 |a 01 
991 |b 201810  |c NOV 
996 6 |b 2610755184  |c 3-1414.335  |l MZK  |r Sklad / do 1 hodiny  |n 2  |p p.v.  |w 001688193  |u 000010  |a 1  |e BOA001  |j MZK50  |s P